00598nam a2200193Ii 450000100060000000300090000600800410001502000160005604000330007204100080010508200150011310000320012824500860016026400650024630000120031133600260032333700280034933800270037714271CO-ViMGA241108s9999||||xx |||||||||||||| ||und|| a958.9057144 aCO-ViMGAbspaerdacCO-ViMGA0 aspa04a304.6 F56t1 aCarmen Elisa Flórez Nieto10aLa transición demografica en Colombia:befectos en la formación de la familia 1aBogotá, Colombia : Uniandes Universidad de los Andes, 1990 avolumen atextbtxt2rdacontent aunmediatedbn2rdamedia avolumebnc2rdacarrier